| 000 | 00357nam a22001577a 4500 | ||
|---|---|---|---|
| 003 | SGT | ||
| 020 | _a9788175960671 | ||
| 082 | _a428.24,HEW | ||
| 100 | _aHEWINGS, MARTIN | ||
| 245 | _aADVANCED ENGLISH GRAMMAR | ||
| 250 | _a1ST | ||
| 260 |
_aNEW DELHI _bCAMBRIDGE UNIVERSITY _c2019 |
||
| 300 | _a340 | ||
| 650 | _aENGLISH GRAMMAR | ||
| 942 |
_2ddc _cBK _01 |
||
| 999 |
_c19614 _d19614 |
||